| 000 | 00487cam a2200193ua 4500 | ||
|---|---|---|---|
| 001 | 8503 | ||
| 008 | 150205n ii |||gr||||Z||||||asm | ||
| 040 | _cMAIN | ||
| 041 | _aasm | ||
| 082 | _a302.2 | ||
| 100 |
_aChattopadhyay, P., _eTranslator. |
||
| 245 | 1 |
_aTatwa aru prayogere ganasanjog _cTranslated by Partha Chattopadhyay |
|
| 250 | _a1st. | ||
| 260 |
_aGuwahati: _bBina, _c2008. |
||
| 300 | _a190p. | ||
| 653 | _aSocial interaction | ||
| 653 | _aMass communication | ||
| 942 | _cBK | ||
| 999 |
_c7605 _d7605 |
||